00780nam a2200217 i 4500001000300000245013800003250002500141260004000166300002600206650001500232650005000247700003200297700002700329015001700356020001500373040000800388041000800396080001900404008004100423856009800464bg00aZbiór zadań z matematyki /cpod red. Ryszarda Krupińskiego ; [aut. Stanisław Klekowski et al. ; Akademia Morska w Szczecinie]. aWyd. 5 popr. i uzup. aSzczecin :bAkademia Morska,c2005. a517, [1] s. ;c24 cm. 4aMatematyka 4aĆwiczenia i zadania dla szkół wyższych1 aKrupiński, Ryszard.eRed.1 aKlekowski, Stanisław. aPB 3235/2006 a8389901072 cBPK0 apol a51(075.8)(076) s pl f |000 0 pol  uhttp://koha.tu.koszalin.pl/cgi-bin/koha/opac-detail.pl?biblionumber=52108yKatalog online BPK